Three dimensional structure of wood: A scanning electron microscope study (Record no. 23874)

MARC details
000 -LEADER
fixed length control field 00385nam a2200133Ia 4500
082 ## - DEWEY DECIMAL CLASSIFICATION NUMBER
Classification number 630*81
Item number MEY
100 ## - MAIN ENTRY--AUTHOR NAME
Personal name BUTTERFIELD, B G
245 #0 - TITLE STATEMENT
Title Three dimensional structure of wood: A scanning electron microscope study
260 ## - PUBLICATION, DISTRIBUTION, ETC. (IMPRINT)
Place of publication London
Name of publisher Chapman and Hall
Year of publication 1972
650 ## - SUBJECT ADDED ENTRY--TOPICAL TERM
Topical Term Wood structure
700 ## - ADDED ENTRY--PERSONAL NAME
Personal name MEYLAN, B A
942 ## - ADDED ENTRY ELEMENTS (KOHA)
Koha item type Books
Holdings
Withdrawn status Lost status Damaged status Not for loan Home library Current library Date acquired Full call number Accession Number Koha item type
        RRII Library RRII Library 16/12/2021 630*81 MEY 04568 Books